000 00909nam a2200265Ia 4500
003 OSt
005 20220927112118.0
006 a|||||r|||| 00| 0
007 ta
008 220926b |||||||| |||| 00| 0 eng d
024 _a106636
037 _cReports
040 _aRTL
_cRTL
_beng
041 _2eng
_aeng
082 _a"X9(J389):51.2.N63t, K7"
110 _a"India, Government Of .... Agricultural Marketing (Adviser)"
245 0 _aReport on the marketing of walnuts in India
260 _aDelhi
_bManager Of Publication India
_c1967
300 _a"xv,302p. Appendix p. 185-302"
_ccm.
490 _a"India, Food And Agriculture (M/O-), Marketing Series. 158"
650 _aAgriculture Industry - Wheat
700 _a"India, Government Of .... Agricultural Marketing (Adviser)"
942 _h"X9(J389):51.2.N63t, K7"
_cCC
999 _c699813
_d699813